Văn học trung đại Việt Nam dưới góc nhìn văn hóa
Đã lưu trong:
| Tác giả chính: | |
|---|---|
| Định dạng: | Sách |
| Ngôn ngữ: | Undetermined |
| Được phát hành: |
Hà Nội
Giáo dục
2003
|
| Những chủ đề: | |
| Các nhãn: |
Thêm thẻ
Không có thẻ, Là người đầu tiên thẻ bản ghi này!
|
| Thư viện lưu trữ: | Trung tâm Học liệu Trường Đại học Cần Thơ |
|---|
| LEADER | 00743nam a2200229Ia 4500 | ||
|---|---|---|---|
| 001 | CTU_96254 | ||
| 008 | 210402s9999 xx 000 0 und d | ||
| 020 | |c 27500 | ||
| 082 | |a 895.92209 | ||
| 082 | |b Th311 | ||
| 100 | |a Trần, Nho Thìn | ||
| 245 | 0 | |a Văn học trung đại Việt Nam dưới góc nhìn văn hóa | |
| 245 | 0 | |c Trần Nho Thìn | |
| 260 | |a Hà Nội | ||
| 260 | |b Giáo dục | ||
| 260 | |c 2003 | ||
| 526 | |a Văn hoá và văn học,Văn học Việt Nam trung đại 3 (nửa cuối thế kỷ XIX) | ||
| 526 | |b XHV606,SG213 | ||
| 650 | |a Vietnamese literature | ||
| 650 | |x History and criticism | ||
| 904 | |i Truc | ||
| 980 | |a Trung tâm Học liệu Trường Đại học Cần Thơ | ||